000 00292nam a22001097a 4500
082 _a355.001 SOL'D
100 _aARMY EDUCATION PRESS
_946259
245 _aSOLDIERS SPEAK SELECTED ARTICLES FROM THE PAKISTAN ARMY JOURNAL 1956-81
260 _aRAWALPINDI
_c1981
300 _a590P
942 _cBK
999 _c581304
_d581304